| 000 | 01387nam a22003737a 4500 | ||
|---|---|---|---|
| 003 | CHAP | ||
| 005 | 20220329134518.0 | ||
| 008 | 971013s1980 r 00010 d | ||
| 010 | _a21401 | ||
| 011 | _a22373 | ||
| 035 | _a26468 | ||
| 040 | _cCHAP | ||
| 090 | _aTesis | ||
| 100 | 0 | 0 |
_aCisneros Flores, Bertha Alicia. _923446 |
| 245 | _aEvaluación de un insecticida biológico a base de Bacillus thuringiensis, Berliner en maíz dulce, para control del gusano elotero (Heliothis zea, Boddie) Apodaca, N.L. 1979 | ||
| 260 |
_a(Monterrey, N.L.) : _bEl autor, _c1980 |
||
| 300 |
_a82 h. _b; gráfs. |
||
| 502 | _aTesis (Ing. Agr. Esp. en Parasitología) -- ITESM. Div. de Ciencias Agropecuarias y Marítimas | ||
| 590 |
_aALEPH _b10 _c20130110 _lUCH01 _h1245 |
||
| 590 |
_aBATCH-UPD _b10 _c20130110 _lUCH01 _h0211 |
||
| 590 |
_aBATCH-UPD _b10 _c20130110 _lUCH01 _h2027 |
||
| 590 |
_aBATCH-UPD _b10 _c20130409 _lUCH01 _h2227 |
||
| 590 |
_aBATCH-UPD _b10 _c20130410 _lUCH01 _h1344 |
||
| 590 |
_aBATCH-UPD _b10 _c20130914 _lUCH01 _h0515 |
||
| 590 |
_aCONVERSION _b10 _c20130109 _lUCH01 _h1313 |
||
| 650 | 1 | 4 |
_aBacillus thuringiensis. _99298 |
| 650 | 1 | 4 |
_aControl biológico de plagas. _927587 |
| 650 | 1 | 4 |
_aHeliothis (Helicoverpa) zea. _953438 |
| 650 | 1 | 4 |
_aMaíz dulce. _971111 |
| 650 | 1 | 4 |
_aMaíz _xPlagas. _971034 |
| 901 | _aBK | ||
| 942 | _cTESIS | ||
| 949 |
_bBC _cTES _d-61062 _eTS1 _i26468 _si |
||
| 999 |
_c21401 _d21401 |
||